000 00512nam a2200169Ia 4500
003 GCL
008 140319s9999 xx 000 0 ara d
040 _aGCL /
_cGCL
082 0 4 _a813.03
_bع ر
100 1 _aعبدالرحمن ضيف
245 1 0 _aرواية مدن المدح: الاخدود /
_cعبدالرحمن ضيف
300 _a619 ص
490 _aالهيئة العامة للاستعلامات
_v0
650 0 4 _aالادب العربى
650 0 4 _aالقصص العربية
942 _2ddc
_cBK
999 _c46931
_d46931